Network theory (Record no. 397)
[ view plain ]
| 000 -LEADER | |
|---|---|
| Fixed length control field | 00501nam a2200193 4500 |
| 003 - CONTROL NUMBER IDENTIFIER | |
| Control field | SEACOMEC |
| 005 - DATE AND TIME OF LATEST TRANSACTION | |
| Control field | 20240102161330.0 |
| 008 - FIXED-LENGTH DATA ELEMENTS--GENERAL INFORMATION | |
| Fixed length control field | 240102b |||||||| |||| 00| 0 eng d |
| 020 ## - INTERNATIONAL STANDARD BOOK NUMBER / ISBN | |
| Price | Rs.270.00 |
| 040 ## - CATALOGING SOURCE | |
| Original cataloging agency | SEACOMEC |
| 082 ## - DEWEY DECIMAL CLASSIFICATION NUMBER | |
| Classification number | 621.398 |
| Book Number | J24 |
| 100 ## - MAIN ENTRY--PERSONAL NAME | |
| Personal name | Jagan,N.C. |
| 245 1# - TITLE STATEMENT | |
| Title | Network theory |
| Statement of responsibility | N.C. Jagan,C. Lakshminarayan |
| 250 ## - EDITION STATEMENT | |
| Edition statement | rev.2nd ed. |
| 260 ## - IMPRINT | |
| Place of publication | Hyderabad |
| Name of publisher | B S Publications |
| Date of publication | 2001 |
| 650 ## - SUBJECT ADDED ENTRY--TOPICAL TERM | |
| Topical term | Technology,Computer engineering |
| 700 ## - ADDED ENTRY--PERSONAL NAME | |
| Personal name | Laxminarayan,C. |
| 942 ## - ADDED ENTRY ELEMENTS (KOHA) | |
| Koha item type | Books |
| Withdrawn status | Lost status | Source of classification | Damaged status | Not for loan | Home library | Current library | Date acquired | Total Checkouts | Call number | Accession number | Date last seen | Copy number | Price effective from | Koha item type |
|---|---|---|---|---|---|---|---|---|---|---|---|---|---|---|
| Dewey Decimal Classification | SEACOM ENGINEERING COLLEGE | SEACOM ENGINEERING COLLEGE | 03/06/2006 | 621.398 J24 | 01174 | 02/01/2024 | 1 | 02/01/2024 | Books |
